Richelieu
| Main Author: | |
|---|---|
| Format: | Print Book |
| Language: | German |
| Subito Delivery Service: | Order now. |
| Check availability: | HBZ Gateway |
| WorldCat: | WorldCat |
| Interlibrary Loan: | Interlibrary Loan for the Fachinformationsdienste (Specialized Information Services in Germany) |
| Published: |
München
Callwey
1935-
München Rinn anfangs |
| In: | Year: 1935 |
| Standardized Subjects / Keyword chains: | B
Richelieu, Armand Jean du Plessis de 1585-1642
|
| Further subjects: | B
Richelieu, Armand Jean du Plessis de (1585-1642)
B Celebrity B Biography B Politics B France B France Jahrhundert 17 Wichtige Persönlichkeit der Politik Richelieu, Armand Jean du Plessis de |
MARC
| LEADER | 00000cam a2200000 ca4500 | ||
|---|---|---|---|
| 001 | 1080528644 | ||
| 003 | DE-627 | ||
| 005 | 20251224215804.0 | ||
| 007 | tu | ||
| 008 | 860320m19359999xx ||||| 00| ||ger c | ||
| 035 | |a (DE-627)1080528644 | ||
| 035 | |a (DE-603)091413265 | ||
| 035 | |a (DE-576)010528644 | ||
| 035 | |a (DE-599)BSZ010528644 | ||
| 035 | |a (OCoLC)73663074 | ||
| 035 | |a (DE-615)00295276 | ||
| 040 | |a DE-627 |b ger |c DE-627 |e rakwb | ||
| 041 | |a ger | ||
| 082 | 0 | |a 920 | |
| 082 | 0 | |a 0903 | |
| 082 | 0 | |a 0904 | |
| 082 | 0 | |a 944 | |
| 084 | |a RA04.06 |2 fivr | ||
| 084 | |a SA02 |2 fivs | ||
| 084 | |a NN 3980 |2 rvk |0 (DE-625)rvk/126872: | ||
| 084 | |a NB 6128 |2 rvk |0 (DE-625)rvk/124171: | ||
| 084 | |a NK 1600 |2 rvk |0 (DE-625)rvk/125876: | ||
| 100 | 1 | |0 (DE-588)118517511 |0 (DE-627)137877412 |0 (DE-576)160484294 |4 aut |a Burckhardt, Carl Jacob |d 1891-1974 | |
| 109 | |a Burckhardt, Carl Jacob 1891-1974 |a Burckhardt, Karl 1891-1974 |a Burckhardt-de Reynold, Carl Jacob 1891-1974 |a Burckhardt, Carl Jakob 1891-1974 |a Burckhardt, Carl J. 1891-1974 |a Burckhardt, Carl 1891-1974 |a Burckhardt, Karl Jacob 1891-1974 |a Burckhardt, J. 1891-1974 |a Burckhardt, Karl Jakob 1891-1974 |a Burckhardt, Karl J. 1891-1974 | ||
| 191 | |a 1 | ||
| 245 | 1 | 0 | |a Richelieu |c Carl J. Burckhardt |
| 264 | 1 | |a München |b Callwey |c 1935- | |
| 264 | 1 | |a München |b Rinn |c anfangs | |
| 336 | |a Text |b txt |2 rdacontent | ||
| 337 | |a ohne Hilfsmittel zu benutzen |b n |2 rdamedia | ||
| 338 | |a Band |b nc |2 rdacarrier | ||
| 500 | |a Teilw. im Verl. Wiss. Buchges., Darmstadt | ||
| 600 | 1 | 7 | |0 (DE-588)118600354 |0 (DE-627)135364809 |0 (DE-576)16271887X |a Richelieu, Armand Jean du Plessis de |d 1585-1642 |2 gnd |
| 650 | 0 | 7 | |0 (DE-588)4191412-0 |0 (DE-627)105242233 |0 (DE-576)210073292 |a Berühmte Persönlichkeit |2 gnd |
| 650 | 0 | 7 | |0 (DE-588)4046514-7 |0 (DE-627)104152206 |0 (DE-576)209069945 |a Politik |2 gnd |
| 650 | 4 | |a Frankreich |x Jahrhundert 17. |x Wichtige Persönlichkeit der Politik |x Richelieu, Armand Jean du Plessis de | |
| 651 | 7 | |0 (DE-588)4018145-5 |0 (DE-627)106327232 |0 (DE-576)208922857 |a Frankreich |2 gnd | |
| 655 | 7 | |a Biografie |0 (DE-588)4006804-3 |0 (DE-627)104213493 |0 (DE-576)208867147 |2 gnd-content | |
| 689 | 0 | 0 | |d p |0 (DE-588)118600354 |0 (DE-627)135364809 |0 (DE-576)16271887X |2 gnd |a Richelieu, Armand Jean du Plessis de |d 1585-1642 |
| 689 | 0 | |5 (DE-627) | |
| 936 | r | v | |a NN 3980 |b Darstellungen |k Geschichte |k Neuere Geschichte |k Geschichte der auswärtigen Staaten im Zeitalter der Entdeckungen und der Glaubensspaltung |k Frankreich und Übersee |k Darstellungen |0 (DE-627)1271357690 |0 (DE-625)rvk/126872: |0 (DE-576)201357690 |
| 936 | r | v | |a NB 6128 |b Burckhardt, Jacob (Historiker) |k Geschichte |k Geschichte als Wissenschaft und Unterrichtsfach |k Geschichte der Geschichtsschreibung und der Geschichtswissenschaft |k Historiker vom 19. Jahrhundert bis zur Gegenwart |k Deutschsprachige Historiker |k Einzelne Historiker |k Historiker B |k Burckhardt, Jacob (Historiker) |0 (DE-627)1271448777 |0 (DE-625)rvk/124171: |0 (DE-576)201448777 |
| 936 | r | v | |a NK 1600 |b Einzelbeiträge |k Geschichte |k Weltgeschichte, Darstellungen Allgemeine Geschichte einzelner Staaten und Völker Teilgebiete der Geschichte, Sammelwerke |k Weltgeschichte und allgemeine Geschichte der Staaten und Völker |k Weltgeschichte |k Europäische Geschichte |k Einzelbeiträge |0 (DE-627)1270931695 |0 (DE-625)rvk/125876: |0 (DE-576)200931695 |
| 936 | f | i | |0 (DE-627)1756131651 |a RA04.06 |b Frankreich |k Europa |k Westeuropa |k Frankreich |2 fivr |
| 936 | f | i | |0 (DE-627)1756135258 |a SA02 |b Geschichte |k Allgemeine Literatur |k Geschichte |2 fivs |
| 936 | f | i | |a ZGF611 |b Geschichte: Biographien/Memoiren |k Geschichte: Biographien/Memoiren |q DE-Lg3 |2 fivw |
| 938 | 1 | 0 | |0 (DE-627)1756148325 |0 (DE-615)6603106 |a Frankreich |2 fivt |
| 938 | 1 | 0 | |0 (DE-627)1756215243 |0 (DE-615)6600149 |a Politik |2 fivt |
| 951 | |a MC | ||
| ELC | |b 1 | ||
| ITA | |a 1 |t 1 | ||
| LOK | |0 000 xxxxxcx a22 zn 4500 | ||
| LOK | |0 001 2081268361 | ||
| LOK | |0 003 DE-627 | ||
| LOK | |0 004 1080528644 | ||
| LOK | |0 005 20120514092824 | ||
| LOK | |0 008 920211||||||||||||||||ger||||||| | ||
| LOK | |0 040 |a DE-21 |c DE-627 |d DE-21 | ||
| LOK | |0 852 |a DE-21 | ||
| LOK | |0 852 1 |9 00 | ||
| LOK | |0 939 |a 11-02-92 |b l01 | ||
| LOK | |0 000 xxxxxcx a22 zn 4500 | ||
| LOK | |0 001 208126837X | ||
| LOK | |0 003 DE-627 | ||
| LOK | |0 004 1080528644 | ||
| LOK | |0 005 20070423100156 | ||
| LOK | |0 008 860320||||||||||||||||ger||||||| | ||
| LOK | |0 035 |a (DE-21-108)82e230590 | ||
| LOK | |0 040 |a DE-21-108 |c DE-627 |d DE-21-108 | ||
| LOK | |0 092 |o l | ||
| LOK | |0 852 |a DE-21-108 | ||
| LOK | |0 852 1 |c TB 540.006 |m p |9 00 | ||
| LOK | |0 866 |a Vorh.: Bd. 1 - 3 | ||
| LOK | |0 935 |a kneu | ||
| LOK | |0 936ln |0 1288811683 |a TB 540 | ||
| LOK | |0 936ln |0 1288811691 |a TB 520 | ||
| LOK | |0 938 |k p | ||
| LOK | |0 939 |a 20-03-86 |b l01 | ||
| LOK | |0 000 xxxxxcx a22 zn 4500 | ||
| LOK | |0 001 2776796536 | ||
| LOK | |0 003 DE-627 | ||
| LOK | |0 004 1080528644 | ||
| LOK | |0 005 20250407114524 | ||
| LOK | |0 008 131202||||||||||||||||ger||||||| | ||
| LOK | |0 040 |a DE-21-32c |c DE-627 |d DE-21-32c | ||
| LOK | |0 852 |a DE-21-32c | ||
| LOK | |0 852 1 |m p |9 00 | ||
| LOK | |0 935 |a k32c | ||
| LOK | |0 938 |k p | ||
| LOK | |0 939 |a 02-12-13 |b l01 | ||
| ORI | |a SA-MARC-ixtheob001.raw | ||
| REL | |a 1 | ||
| SPR | |a 1 |t IXT | ||
| STA | 0 | 0 | |a Celebrity,Celebrities,Fame,Celebrity,France,France,France,France,France,France,Northern France,Southern France,Occitania,Western France,Northeastern France,Eastern France,Politics,Politics and government,Politics, Practical,Politics in art |
| STB | 0 | 0 | |a Célébrité,Célébrité,Politique,Politique,Pratiques politiques |
| STC | 0 | 0 | |a Celebridad,Celebridad,Política,Política |
| STD | 0 | 0 | |a Personaggio famoso,Personaggio famoso,Politica,Politica |
| STE | 0 | 0 | |a 名人,名流,政治,政治 |
| STF | 0 | 0 | |a 名人,名流,政治,政治 |
| STG | 0 | 0 | |a Celebridade,Celebridade,Política,Política |
| STH | 0 | 0 | |a Известная личность (мотив),Известная личность,Политика (мотив),Политика |
| STI | 0 | 0 | |a Διασημότητα <μοτίβο>,Διασημότητα,Διάσημη προσωπικότητα,Διάσημη προσωπικότητα (μοτίβο),Πολιτική (μοτίβο),Πολιτική |
| SUB | |a REL | ||
| SYA | 0 | 0 | |a Richelieu, Armand Jean du Plessis,duc de,1585-1642,Richelieu, Armand Jean duPlessis de,1585-1642,Richelieu, Armand-Jean DuPlessis de,1585-1642,Richelieu, Armand Jean du Plessis,1585-1642,Richelieu, Armand-Jean du Plessis,1585-1642,Richelieu, Armand Jean DuPlessis,1585-1642,Richelieu, Armand-Jean DuPlessis,1585-1642,Richelieu, Armand Jean D. de,1585-1642,Richelieu, Armand-Jean D. de,1585-1642,Richelieu, Armand Jean de,1585-1642,Richelieu, Armand-Jean de,1585-1642,Richelieu, Armand J. de,1585-1642,Richelieu, Armand D. de,1585-1642,Richelieu, Armand de,1585-1642,Richelieu, Armand Jean,1585-1642,Richelieu, Armandus Johannes du Plessis de,1585-1642,Richelieu, Armandus Johannes DuPlessis de,1585-1642,Richelieu, Armandus de,1585-1642,Richelieu de,1585-1642,Richelieu,cardinal,1585-1642,Richelieu,Kardinal,1585-1642,Richelieu du Plessis, Armand-Jean de,1585-1642,Richelieu DuPlessis, Armand Jean de,1585-1642,Richelieu DuPlessis, Armand-Jean de,1585-1642,Richelieu Du Plessis, Armand J. de,1585-1642,Richelieu DuPlessis, Armand J. de,1585-1642,Richaliere, Armandus Johannes a Plecis de,1585-1642,Richelius, Armandus Johannes,1585-1642,Richelius, Armandus J.,1585-1642,Richelius, Armandus,1585-1642,Richeliu, Armando Giovanni Plesses de,1585-1642,Richeli, Armandus,1585-1642,Richelus, Armandus,1585-1642,Rishele,1585-1642,Richlieu,1585-1642,Du Plessis, Armand Jean de Richelieu,1585-1642,Du Plessis, Armand Jean de R.,1585-1642,Du Plessis, Armand-Jean de R.,1585-1642,Du Plessis, Armand Jean,1585-1642,Du Plessis, Armand J. de,1585-1642,DuPlessis, Armand Jean de Richelieu,1585-1642,DuPlessis, Armand Jean de R.,1585-1642,DuPlessis, Armand-Jean de R.,1585-1642,DuPlessis, Armand Jean,1585-1642,DuPlessis, Armand-Jean,1585-1642,DuPlessis, Armand J. de,1585-1642,Du Plessis de Richelieu, Armand Jean,1585-1642,Du Plessis de Richelieu, Armand-Jean,1585-1642,Du Plessis de Richelieu, Armand J.,1585-1642,Du Plessis de Richelieu, Armand,1585-1642,DuPlessis de Richelieu, Armand Jean,1585-1642,DuPlessis de Richelieu, Armand-Jean,1585-1642,DuPlessis de Richelieu, Armand J.,1585-1642,DuPlessis de Richelieu, Armand,1585-1642,Du Plessis Richelieu, Armand Jean,1585-1642,Du Plessis Richelieu, Armand-Jean,1585-1642,DuPlessis Richelieu, Armand Jean,1585-1642,DuPlessis Richelieu, Armand-Jean,1585-1642,Duplassis Richelieu, Armand Jean,1585-1642,DuPlessy, Armand,1585-1642,Plessis de Richelieu, Armand Jean du,1585-1642,Plessis de Richelieu, Armand-Jean du,1585-1642,Plessis de Richelieu, Armand J. du,1585-1642,Plessis de Richelieu, Armand du,1585-1642,Plessis Richelieu, Armand Jean du,1585-1642,Plessis Richelieu, Armand-Jean du,1585-1642,Plessis, Armand Jean de R. du,1585-1642,Plessis, Armand-Jean de R. du,1585-1642,Plessis, Armand Jean du,1585-1642,Plessis, Armand-Jean du,1585-1642,Plessis, Armand J. du,1585-1642,Plessiacus, Armandus Joannes,1585-1642,Richelius, Ludovicus Alphonsus Plessaeus,1585-1642,C. D. R.,1585-1642,Richelieu,1585-1642,Richelieu Du Plessis, Armand Jean de,1585-1642,Du Plessis, Armand-Jean,1585-1642,Richelieu, Armand Jean du Plessis de,duc de,1585-1642,Richelieu,Kardinal, Staatsmann, Herzog, Frankreich,1585-1642,Du Plessis, Armand Jean,duc de Richelieu,1585-1642,Richelieu,duc de,1585-1642,Richelieu,cardinal de,1585-1642,Richelieu,Cardenal Duque de,1585-1642,Richelieu, Armand-Jean du Plessis de,1585-1642,Plessis, de Richelieu Armand-Jean du,1585-1642 |
| SYE | 0 | 0 | |a Prominenter,VIP,Bekannte Persönlichkeit,Prominenz,Berühmtheit , Staatspolitik,Politische Lage,Politische Entwicklung,Politics,Public policy,Staatspolitik,Politische Lage,Politische Entwicklung,Politische Situation , France , France,La France,République Française,France,Francija,Französische Republik,Empire Français,République Française,France,Royaume Français,Fränkische Republik,Frankreich,Frankreich,Ṣārfat,Repubblica Francese |
| SYF | 0 | 0 | |a France , France,La France,République Française,France,Francija,Französische Republik,Empire Français,République Française,France,Royaume Français,Fränkische Republik,Frankreich,Frankreich,Ṣārfat,Repubblica Francese |
| SYG | 0 | 0 | |a Richelieu, Armand Jean du Plessis,duc de,1585-1642,Richelieu, Armand Jean duPlessis de,1585-1642,Richelieu, Armand-Jean DuPlessis de,1585-1642,Richelieu, Armand Jean du Plessis,1585-1642,Richelieu, Armand-Jean du Plessis,1585-1642,Richelieu, Armand Jean DuPlessis,1585-1642,Richelieu, Armand-Jean DuPlessis,1585-1642,Richelieu, Armand Jean D. de,1585-1642,Richelieu, Armand-Jean D. de,1585-1642,Richelieu, Armand Jean de,1585-1642,Richelieu, Armand-Jean de,1585-1642,Richelieu, Armand J. de,1585-1642,Richelieu, Armand D. de,1585-1642,Richelieu, Armand de,1585-1642,Richelieu, Armand Jean,1585-1642,Richelieu, Armandus Johannes du Plessis de,1585-1642,Richelieu, Armandus Johannes DuPlessis de,1585-1642,Richelieu, Armandus de,1585-1642,Richelieu de,1585-1642,Richelieu,cardinal,1585-1642,Richelieu,Kardinal,1585-1642,Richelieu du Plessis, Armand-Jean de,1585-1642,Richelieu DuPlessis, Armand Jean de,1585-1642,Richelieu DuPlessis, Armand-Jean de,1585-1642,Richelieu Du Plessis, Armand J. de,1585-1642,Richelieu DuPlessis, Armand J. de,1585-1642,Richaliere, Armandus Johannes a Plecis de,1585-1642,Richelius, Armandus Johannes,1585-1642,Richelius, Armandus J.,1585-1642,Richelius, Armandus,1585-1642,Richeliu, Armando Giovanni Plesses de,1585-1642,Richeli, Armandus,1585-1642,Richelus, Armandus,1585-1642,Rishele,1585-1642,Richlieu,1585-1642,Du Plessis, Armand Jean de Richelieu,1585-1642,Du Plessis, Armand Jean de R.,1585-1642,Du Plessis, Armand-Jean de R.,1585-1642,Du Plessis, Armand Jean,1585-1642,Du Plessis, Armand J. de,1585-1642,DuPlessis, Armand Jean de Richelieu,1585-1642,DuPlessis, Armand Jean de R.,1585-1642,DuPlessis, Armand-Jean de R.,1585-1642,DuPlessis, Armand Jean,1585-1642,DuPlessis, Armand-Jean,1585-1642,DuPlessis, Armand J. de,1585-1642,Du Plessis de Richelieu, Armand Jean,1585-1642,Du Plessis de Richelieu, Armand-Jean,1585-1642,Du Plessis de Richelieu, Armand J.,1585-1642,Du Plessis de Richelieu, Armand,1585-1642,DuPlessis de Richelieu, Armand Jean,1585-1642,DuPlessis de Richelieu, Armand-Jean,1585-1642,DuPlessis de Richelieu, Armand J.,1585-1642,DuPlessis de Richelieu, Armand,1585-1642,Du Plessis Richelieu, Armand Jean,1585-1642,Du Plessis Richelieu, Armand-Jean,1585-1642,DuPlessis Richelieu, Armand Jean,1585-1642,DuPlessis Richelieu, Armand-Jean,1585-1642,Duplassis Richelieu, Armand Jean,1585-1642,DuPlessy, Armand,1585-1642,Plessis de Richelieu, Armand Jean du,1585-1642,Plessis de Richelieu, Armand-Jean du,1585-1642,Plessis de Richelieu, Armand J. du,1585-1642,Plessis de Richelieu, Armand du,1585-1642,Plessis Richelieu, Armand Jean du,1585-1642,Plessis Richelieu, Armand-Jean du,1585-1642,Plessis, Armand Jean de R. du,1585-1642,Plessis, Armand-Jean de R. du,1585-1642,Plessis, Armand Jean du,1585-1642,Plessis, Armand-Jean du,1585-1642,Plessis, Armand J. du,1585-1642,Plessiacus, Armandus Joannes,1585-1642,Richelius, Ludovicus Alphonsus Plessaeus,1585-1642,C. D. R.,1585-1642,Richelieu,1585-1642,Richelieu Du Plessis, Armand Jean de,1585-1642,Du Plessis, Armand-Jean,1585-1642,Richelieu, Armand Jean du Plessis de,duc de,1585-1642,Richelieu,Kardinal, Staatsmann, Herzog, Frankreich,1585-1642,Du Plessis, Armand Jean,duc de Richelieu,1585-1642,Richelieu,duc de,1585-1642,Richelieu,cardinal de,1585-1642,Richelieu,Cardenal Duque de,1585-1642,Richelieu, Armand-Jean du Plessis de,1585-1642,Plessis, de Richelieu Armand-Jean du,1585-1642 |



